| 000 | 01093nam a22002537a 4500 | ||
|---|---|---|---|
| 999 |
_c6966 _d6966 |
||
| 003 | AR-CdUCM | ||
| 008 | 190319b ||||| |||| 00| 0 spa d | ||
| 040 |
_aMUNICIPALIDAD PROVINCIAL DEL CUSCO _cBIBLIOTECA MUNICIPAL DEL CUSCO |
||
| 082 |
_a330 / _bP29 |
||
| 100 |
_aPaulsen, Andreas _919642 |
||
| 245 | _aTeoría general de la economía / | ||
| 260 |
_aMexico : _bUteha, _c1959. |
||
| 300 |
_a186 páginas ; _c17 cm. |
||
| 440 |
_aManuales Uteha - economía _n15 _919643 |
||
| 505 | _aContenido: t.2: La economía de la unidad domestica de consumo, Función del consumo y función del ahorro, Teoría de la demanda, Las empresas y sus planes económicos--t.3 :Producción y distribución -- t.4: Nivel de producción social y cantidad de ocupación , determinación de equilibrio del sistema -- Economía financiera estatal y producto social | ||
| 650 |
_aEconomía. _9382 |
||
| 650 |
_aTeoría económica. _94478 |
||
| 650 |
_aEmpresas. _95583 |
||
| 650 |
_aOferta. _94620 |
||
| 650 |
_aDemanda. _94621 |
||
| 700 |
_aSanchez Sarto, Manuel _919644 |
||
| 942 |
_2ddc _cLIBROS |
||
| 945 | _awfj | ||